000 00405nam a22001577a 4500
005 20231123141826.0
008 231123b |||||||| |||| 00| 0 eng d
041 _aEnglish
082 _a341.5 ALT
100 _lEnglish
245 _aAlternative Dispute Resolution
260 _c1991
300 _b14 pages
_c31 cm.
650 _aLegal practice
_bLaw
942 _cBK
_6ALISON_BN_VRIES
999 _c905
_d905